Derecho, narración y violencia. Poder constructivo y poder destructivo en la interpretación judicial

Guardat en:
Dades bibliogràfiques
Autor principal: Cover, Robert (Autor)
Format: Llibre
Idioma:espanyol
Publicat: Barcelona Gedisa 2002
Edició:1a. ed
Col·lecció:Colección Biblioteca Yale de Estudios Jurídicos
Matèries:
Etiquetes: Afegir etiqueta
Sense etiquetes, Sigues el primer a etiquetar aquest registre!

MARC

LEADER 00000nam a2200000 a 4500
001 UCL7018
003 CL-VaPUC
008 040423e20020000SP |||||||||||||||||spa|d
020 |a 8474327156 
082 0 4 |a 340.73  |b COV  |2 21 
100 0 |a Cover, Robert  |e author  |9 484731 
245 1 0 |a Derecho, narración y violencia. Poder constructivo y poder destructivo en la interpretación judicial 
250 |a 1a. ed 
300 |a 156 p 
942 |c BK 
945 |d 20040423 00:00:00  |a cmena 
260 |a Barcelona  |b Gedisa  |c 2002 
650 7 |a SISTEMA JURIDICO  |2 CL-VaPUC  |9 484732 
650 0 |a Judicatura  |9 384163 
650 0 |a Teoría constitucional  |9 484733 
650 0 |a Interpretación jurídica  |9 380837 
651 0 |a Estados Unidos  |9 255178 
583 |a last modification  |c 20040423 00:00:00  |k Rodrigo Vera 
490 0 |a Colección Biblioteca Yale de Estudios Jurídicos 
999 |c 308887  |d 308885 
952 |0 0  |1 0  |4 0  |6 340_730000000000000_COV_2002  |7 0  |8 DER_TF  |9 375816  |a BIBDER  |b BIBDER  |d 2019-11-21  |i 4009576  |l 1  |o 340.73 COV 2002  |p 4009576  |r 2023-01-25  |s 2020-03-18  |w 2019-11-21  |x Ubicación 4to Piso  |y BK  |z Estos recursos deben solicitarse con anticipación  |k DER